书目信息 |
| 题名: |
大国长剑
|
|
| 作者: | 徐剑 著 | |
| 分册: | ||
| 出版信息: | 北京 解放军文艺出版社 2006.01 |
|
| 页数: | 349页 | |
| 开本: | 21cm | |
| 丛书名: | ||
| 单 册: | ||
| 中图分类: | I253.2 | |
| 科图分类: | ||
| 主题词: | 报告文学--bao gao wen xue--中国--现代 | |
| 电子资源: | ||
| ISBN: | 7-5033-1898-8 | |
| 000 | 00828nam0 2200241 450 | |
| 001 | 012007239297 | |
| 005 | 20071228155645.21 | |
| 010 | @a7-5033-1898-8@dCNY23.00 | |
| 100 | @a20071228d2006 km y0chiy0120 ea | |
| 101 | 0 | @achi |
| 102 | @aCN@b110000 | |
| 105 | @ay z 000zy | |
| 106 | @ar | |
| 200 | 1 | @a大国长剑@Ada guo chang jian@e中国战略导弹部队纪实@f徐剑著@Fxu jian zhu |
| 210 | @a北京@c解放军文艺出版社@d2006.01 | |
| 215 | @a349页@d21cm | |
| 330 | @a1984年10月1日,国庆35周年大阅兵,中国的战略导弹部队从幕后走出,震惊世界。本书记述了他们在山坳里成长的过程。 | |
| 517 | 1 | @a中国战略导弹部队纪实@Azhong guo zhan lue dao dan bu dui ji shi |
| 606 | 0 | @a报告文学@Abao gao wen xue@y中国@z现代 |
| 690 | @aI253.2@v4 | |
| 701 | 0 | @a徐剑@Axu jian@4著 |
| 801 | 0 | @aCN@bQSSK@c20071228 |
| 905 | @b273601-03@dI253.2@eX735@f3 | |
| 大国长剑:中国战略导弹部队纪实/徐剑著.-北京:解放军文艺出版社,2006.01 |
| 349页;21cm |
| ISBN 7-5033-1898-8:CNY23.00 |
| 1984年10月1日,国庆35周年大阅兵,中国的战略导弹部队从幕后走出,震惊世界。本书记述了他们在山坳里成长的过程。 |
| ● |
| 相关链接 |
|
|
|
正题名:大国长剑
索取号:I253.2/X735
 
预约/预借
| 序号 | 登录号 | 条形码 | 馆藏地/架位号 | 状态 | 备注 |
| 1 | 273601 | 202736012 | 文学库108/108文学库 68排2列1层/ [索取号:I253.2/X735] | 在馆 | |
| 2 | 273602 | 202736021 | 文学库108/108文学库 45排1列2层/ [索取号:I253.2/X735] | 在馆 | |
| 3 | 273603 | 202736030 | 文学库108/108文学库 68排2列1层/ [索取号:I253.2/X735] | 在馆 |